000 00538nam a2200181Ia 4500
008 090123s9999 xx 000 0 und d
082 _b20413
_a923.254/भोमे
100 _aभोमे सुहास
245 _aचार्ल्स शोभराज
250 _a1
260 _c1986
300 _a135
600 _aभोमे सुहास
630 _aचार्ल्स शोभराज
700 _aभोमे सुहास
730 _aचार्ल्स शोभराज
942 _cBOOK
999 _c58484
_d58484